[Event "Bundesliga 2007-8"]
[Site "Erfurt GER"]
[Date "2008.02.09"]
[Round "8"]
[White "Firman, N."]
[Black "Laznicka, V."]
[Result "1-0"]
[WhiteElo "2501"]
[BlackElo "2595"]
[PlyCount "129"]
[EventDate "2008.02.09"]
[Source "www.chesslib.no"]
[SourceDate "2004.05.04"]

1. e4 e5 2. Nf3 Nc6 3. Bc4 Bc5 4. Bb3 Nf6 5. Nxe5 Qe7 6. Nxc6 Qxe4+ 7. Qe2 Qxe2+ 8. Kxe2 dxc6 9. d3 O-O 10. Be3 Re8 11. Kd2 Bf8 12. Nc3 Be6 13. h3 Nd5 14. Bxd5 Bxd5 15. f3 Be6 16. Bf4 Rac8 17. a3 f6 18. Rae1 Kf7 19. Re2 Bd7 20. Rxe8 Bxe8 21. Re1 Bd7 22. Ne4 b6 23. b4 Be6 24. c4 Ke7 25. Kc3 Kd7 26. a4 Be7 27. Rb1 g5 28. Be3 Rg8 29. a5 h5 30. Bd4 Rg6 31. axb6 axb6 32. Ra1 f5 33. Nd2 Bf7 34. Ra7 Bf6 35. Nb3 f4 36. Ra8 Bd8 37. Ra7 Ke6 38. Bxb6 cxb6 39. Nd4+ Kd6 40. Nf5+ Ke6 41. Nd4+ Kd6 42. Rxf7 Bf6 43. Rb7 Rg8 44. Rxb6 Rc8 45. Ra6 h4 46. Ra7 Rd8 47. Rh7 Be5 48. Rh6+ Kd7 49. c5 Kc7 50. Rd6 Rxd6 51. cxd6+ Kxd6 52. Kc4 Bf6 53. Ne2 Bd8 54. Nc3 Be7 55. d4 Ke6 56. d5+ cxd5+ 57. Nxd5 Bf8 58. Nc3 Be7 59. Ne4 Kd7 60. b5 Kc7 61. Kd5 Kb6 62. Ke6 Bd8 63. Nc3 Kc5 64. b6 Kc6 65. Nd5 1-0

[Event "Slovenie-Pays-Bas (match junior)"]
[Site "?"]
[Date "2004.09.17"]
[Round "2"]
[White "Sermek Drazen"]
[Black "Smeets Jan"]
[Result "1-0"]
[WhiteElo "2547"]
[BlackElo "2545"]
[PlyCount "109"]
[EventDate "2004.??.??"]
[Source "www.chesslib.no"]
[SourceDate "2004.05.04"]

1. e4 e5 2. Nf3 Nc6 3. Bc4 Bc5 4. d3 Nf6 5. Nc3 d6 6. Bg5 h6 7. Bxf6 Qxf6 8. Nd5 Qd8 9. c3 a6 10. d4 Ba7 11. dxe5 Nxe5 12. Nxe5 dxe5 13. Qh5 O-O 14. Qxe5 Be6 15. Rd1 c6 16. Nc7 Bxc4 17. Rxd8 Raxd8 18. b3 Bd3 19. Qe7 Bb6 20. Kd2 Bxe4+ 21. Kc1 Bg6 22. h4 Rc8 23. h5 Bh7 24. Rd1 Bxc7 25. Rd7 Bf4+ 26. Kd1 Bf5 27. Rd4 Rc7 28. Qc5 Bg4+ 29. f3 Be3 30. Qe5 Bxd4 31. Qxc7 Bxf3+ 32. gxf3 Bxc3 33. Kc2 Bb4 34. Qxb7 a5 35. Qxc6 Rd8 36. Kc1 Ba3+ 37. Kc2 Bb4 38. Qa4 Rd2+ 39. Kc1 Rf2 40. a3 Bd2+ 41. Kd1 Kf8 42. b4 Be3 43. Qxa5 Rd2+ 44. Ke1 Rd6 45. Qc7 Bf4 46. Qc8+ Ke7 47. Qf5 Rd4 48. Qc5+ Rd6 49. Ke2 g6 50. b5 gxh5 51. b6 Kf6 52. b7 Rd2+ 53. Ke1 Rb2 54. Qd4+ Be5 55. Qxb2 1-0

[Event "IV Open"]
[Site "Calvia ESP"]
[Date "2007.10.17"]
[Round "3"]
[White "Heberla, B."]
[Black "Mikhalevski, V."]
[Result "0-1"]
[WhiteElo "2502"]
[BlackElo "2584"]
[PlyCount "88"]
[EventDate "2007.10.15"]
[Source "www.chesslib.no"]
[SourceDate "2004.05.04"]

1. e4 e5 2. Nf3 Nc6 3. Bc4 Bc5 4. d3 Nf6 5. Nc3 d6 6. Bg5 Bb4 7. O-O Bxc3 8. bxc3 h6 9. Bh4 g5 10. Bg3 Bg4 11. h3 Bh5 12. Re1 Na5 13. Bb3 Nd7 14. d4 Qe7 15. Qd3 a6 16. Nd2 Bg6 17. f3 Nf6 18. Bf2 O-O 19. Nc4 Nxc4 20. Qxc4 Rfc8 21. a4 Nd7 22. a5 Kg7 23. Qb4 Rab8 24. dxe5 Nxe5 25. Qd4 f6 26. Qd2 Bf7 27. Bd5 Re8 28. Kh1 Qd7 29. Bb3 Re7 30. Kh2 Bxb3 31. cxb3 Rbe8 32. c4 Ng6 33. Rad1 Qe6 34. Kg1 Kh7 35. Qb4 Qc8 36. Bd4 c5 37. Qa3 cxd4 38. Qxd6 Rd7 39. Qxf6 Qc5 40. Kh1 Nf4 41. b4 Qe5 42. Qxe5 Rxe5 43. g3 Ng6 44. Rd3 Re8 0-1

[Event "San Marino op"]
[Site "San Marino"]
[Date "1998.??.??"]
[Round "6"]
[White "Slobodjan, Roman"]
[Black "Gabriel, Christian"]
[Result "1/2-1/2"]
[WhiteElo "2530"]
[BlackElo "2555"]
[PlyCount "53"]
[EventDate "1998.??.??"]
[Source "www.chesslib.no"]
[SourceDate "2004.05.04"]

1. e4 e5 2. Nf3 Nc6 3. Bc4 Bc5 4. Nc3 d6 5. Na4 Bb6 6. Nxb6 axb6 7. c3 Nf6 8. d3 O-O 9. Bg5 Be6 10. Bb3 h6 11. Bh4 Bxb3 12. Qxb3 g5 13. Bg3 Qd7 14. a3 Qe6 15. Qc2 Nh5 16. Nd2 f5 17. f3 d5 18. O-O-O Rad8 19. Qb3 Qf7 20. Rhe1 dxe4 21. Qxf7+ Rxf7 22. dxe4 f4 23. Bf2 Rfd7 24. a4 Kf7 25. Nc4 Rxd1+ 26. Rxd1 Rxd1+ 27. Kxd1 1/2-1/2

[Event "tt"]
[Site "Belgrade tt"]
[Date "1986.??.??"]
[Round "1"]
[White "Van der Wiel, John T H"]
[Black "Ivkov, Borislav"]
[Result "1-0"]
[WhiteElo "2555"]
[BlackElo "2525"]
[PlyCount "73"]
[EventDate "1986.??.??"]
[Source "www.chesslib.no"]
[SourceDate "2004.05.04"]

1. e4 e5 2. Nf3 Nc6 3. Bc4 Bc5 4. d3 Nf6 5. Bg5 d6 6. c3 a6 7. Bb3 Qe7 8. Bh4 Ba7 9. Nbd2 Nd8 10. d4 h6 11. Qe2 Bg4 12. dxe5 dxe5 13. h3 Be6 14. Ba4+ b5 15. Bc2 Bd7 16. a4 Ne6 17. Bg3 Nf4 18. Bxf4 exf4 19. e5 Nd5 20. axb5 Bxb5 21. Qe4 Bc6 22. Nb3 Rd8 23. Rxa6 Bb6 24. Nbd4 Bb7 25. Rxb6 cxb6 26. Nf5 Qd7 27. Nd6+ Kf8 28. Nxb7 Qxb7 29. c4 Qa8 30. cxd5 Qxd5 31. Qxf4 Qa5+ 32. b4 Qa1+ 33. Ke2 Qa6+ 34. b5 Qxb5+ 35. Ke3 Qc5+ 36. Nd4 Rxd4 37. Qxd4 1-0

[Event "Elista ol (Men)"]
[Site "Elista"]
[Date "1998.10.11"]
[Round "12"]
[White "Barua, Dibyendu"]
[Black "Stefansson, Hannes"]
[Result "1/2-1/2"]
[WhiteElo "2540"]
[BlackElo "2535"]
[PlyCount "37"]
[EventDate "1998.09.29"]
[Source "ChessBase"]
[SourceDate "1998.11.06"]

1. e4 e5 2. Nf3 Nc6 3. Bc4 Bc5 4. Qe2 Nf6 5. c3 d6 6. d3 O-O 7. Bg5 h6 8. Bh4 g5 9. Nxg5 hxg5 10. Bxg5 Kg7 11. f4 Ne7 12. Rf1 Nh7 13. Qh5 Nxg5 14. fxg5 d5 15. Bxd5 Nxd5 16. Qh6+ Kg8 17. g6 fxg6 18. Qxg6+ Kh8 19. Qh6+ 1/2-1/2

[Event "Balaton GM"]
[Site "?"]
[Date "2001.09.09"]
[Round "8"]
[White "Varga Zoltan"]
[Black "Pinter Jozsef"]
[Result "1/2-1/2"]
[WhiteElo "2518"]
[BlackElo "2550"]
[PlyCount "49"]
[EventDate "2001.??.??"]
[Source "www.chesslib.no"]
[SourceDate "2004.05.04"]

1. e4 e5 2. Nf3 Nc6 3. Bc4 Bc5 4. O-O d6 5. d3 h6 6. Nc3 a6 7. h3 Nge7 8. a3 O-O 9. Qe2 Be6 10. Bxe6 fxe6 11. Be3 Nd4 12. Bxd4 Bxd4 13. Nd1 Ng6 14. g3 Ba7 15. Kg2 Rf7 16. c3 Qe7 17. Nh2 Raf8 18. Qg4 Kh7 19. h4 Qf6 20. h5 Ne7 21. f3 Ng8 22. Nf2 Qe7 23. Qg6+ Kh8 24. Nh3 Qe8 25. f4 1/2-1/2

[Event "Novi Sad ol (Men)"]
[Site "Novi Sad YUG"]
[Date "1990.??.??"]
[Round "13"]
[White "Ivanovic, Bozidar"]
[Black "Smejkal, Jan"]
[Result "1/2-1/2"]
[WhiteElo "2520"]
[BlackElo "2545"]
[PlyCount "208"]
[EventDate "1990.11.??"]
[Source "www.chesslib.no"]
[SourceDate "2004.05.04"]

1. e4 e5 2. Nf3 Nc6 3. Bc4 Bc5 4. d3 Nf6 5. Nc3 d6 6. Bg5 h6 7. Bxf6 Qxf6 8. Nd5 Qd8 9. c3 Ne7 10. d4 Nxd5 11. dxc5 Nf4 12. g3 Nh3 13. Bb5+ Bd7 14. Bxd7+ Qxd7 15. cxd6 Qxd6 16. Qxd6 cxd6 17. Rd1 Ke7 18. Ke2 Rac8 19. Rd5 Ng5 20. Nd2 Rc5 21. Rxc5 dxc5 22. h4 Ne6 23. Nc4 f6 24. Ne3 h5 25. Rd1 g6 26. Nd5+ Kf7 27. Rd3 Ng7 28. Ke3 Rc8 29. Rd2 Rc6 30. Kd3 Ne8 31. f3 f5 32. Re2 c4+ 33. Kc2 Rc5 34. b4 cxb3+ 35. axb3 Nf6 36. c4 Rc8 37. Kd3 fxe4+ 38. fxe4 Ng4 39. b4 Ke6 40. b5 Rf8 41. c5 Rf3+ 42. Kc4 Rf2 43. Re1 Rc2+ 44. Nc3 Nf2 45. Kb3 Rd2 46. Rf1 Nd3 47. Kc4 Nb2+ 48. Kb3 Nd3 49. c6 Nc5+ 50. Ka3 Rd3 51. Kb2 bxc6 52. bxc6 Rd6 53. Ra1 a6 54. c7 Rb6+ 55. Ka3 Rc6 56. g4 Rxc7 57. gxh5 gxh5 58. Rg1 Nd3 59. Nd5 Rc4 60. Rg6+ Kf7 61. Rf6+ Kg7 62. Rf3 Nc5 63. Rf5 Rxe4 64. Rxh5 a5 65. Rg5+ Kh6 66. Ka2 Nd7 67. Rg8 Rxh4 68. Ra8 Ra4+ 69. Kb2 Nc5 70. Kc3 Kg5 71. Nb6 Ra3+ 72. Kc2 Kf6 73. Nc4 Ra4 74. Nb6 Ra2+ 75. Kb1 Ra3 76. Nc4 Ra4 77. Nb2 Rb4 78. Kc2 a4 79. Ra5 Nb3 80. Ra6+ Kf5 81. Kc3 Rh4 82. Nxa4 Rh3+ 83. Kb4 Nc1 84. Kc4 Rh2 85. Nc3 Rh4+ 86. Kb5 Nb3 87. Ra2 Nd4+ 88. Kc5 Ne6+ 89. Kb5 Rd4 90. Rf2+ Nf4 91. Rf1 Ke6 92. Rh1 Nd5 93. Ne2 Rg4 94. Kc5 Nf6 95. Rh6 Kf5 96. Rh1 Ra4 97. Kb5 Ra8 98. Rf1+ Kg5 99. Nc3 Rc8 100. Kb4 Rc6 101. Kb3 Kg4 102. Kb2 Nh5 103. Rg1+ Kf5 104. Nd5 Rc5 1/2-1/2

[Event "SCG First League m"]
[Site "?"]
[Date "2005.10.27"]
[Round "11"]
[White "Ivanovic Bozidar"]
[Black "Kotronias Vasilios"]
[Result "0-1"]
[WhiteElo "2436"]
[BlackElo "2626"]
[PlyCount "72"]
[EventDate "2005.??.??"]
[Source "www.chesslib.no"]
[SourceDate "2004.05.04"]

1. e4 e5 2. Nf3 Nc6 3. Bc4 Bc5 4. d3 Nf6 5. Nc3 d6 6. Bg5 h6 7. Bxf6 Qxf6 8. Nd5 Qd8 9. c3 a6 10. d4 Ba7 11. h3 O-O 12. O-O Kh8 13. Ne3 exd4 14. cxd4 Qf6 15. Nd5 Qd8 16. Rc1 Ne7 17. Re1 Ng6 18. Ne3 c6 19. Bb3 Bd7 20. Nf1 Rc8 21. Ng3 Nh4 22. Nxh4 Qxh4 23. Rc3 Rce8 24. Rf3 d5 25. exd5 Qxd4 26. Qc1 Qc5 27. Kh2 Rxe1 28. Qxe1 cxd5 29. Qd2 Be6 30. Nf5 Qc7+ 31. g3 Qe5 32. Ne3 Qh5 33. g4 Qe5+ 34. Kg1 Qe4 35. Bxd5 Bxe3 36. Bxe4 Bxd2 0-1

[Event "otb"]
[Site "otb"]
[Date "2007.05.08"]
[Round "7"]
[White "Belozerov Andrei"]
[Black "Tseshkovsky Vitaly"]
[Result "1/2-1/2"]
[WhiteElo "2541"]
[BlackElo "2517"]
[PlyCount "42"]
[Source "www.chesslib.no"]
[SourceDate "2004.05.04"]

1. e4 e5 2. Nf3 Nc6 3. Bc4 Bc5 4. d3 Nf6 5. Nc3 d6 6. Bg5 h6 7. Bxf6 Qxf6 8. Nd5 Qd8 9. c3 a6 10. d4 exd4 11. cxd4 Ba7 12. Rc1 O-O 13. Bxa6 Bxd4 14. Nxd4 Rxa6 15. O-O Rxa2 16. Nxc6 bxc6 17. Rxc6 Bb7 18. Rxc7 Rxb2 19. Rc3 Bxd5 20. Qxd5 Qe7 21. Rd3 Re2 1/2-1/2

[Event "JUG Team Ch"]
[Site "Cetinje"]
[Date "1990.??.??"]
[Round "7"]
[White "Ivanovic, Bozidar"]
[Black "Damljanovic, Branko"]
[Result "1/2-1/2"]
[WhiteElo "2520"]
[BlackElo "2535"]
[PlyCount "22"]
[EventDate "1990.??.??"]
[Source "www.chesslib.no"]
[SourceDate "2004.05.04"]

1. e4 e5 2. Nf3 Nc6 3. Bc4 Bc5 4. d3 Nf6 5. Nc3 d6 6. Bg5 h6 7. Bxf6 Qxf6 8. Nd5 Qd8 9. c3 a6 10. d4 Ba7 11. dxe5 Nxe5 1/2-1/2

[Event "Kurgan (Russia)"]
[Site "?"]
[Date "2001.??.??"]
[Round "?"]
[White "Pugachov Alexey"]
[Black "Balashov Yuri S"]
[Result "1/2-1/2"]
[WhiteElo "2495"]
[BlackElo "2555"]
[PlyCount "47"]
[EventDate "2001.??.??"]
[Source "www.chesslib.no"]
[SourceDate "2004.05.04"]

1. e4 e5 2. Nf3 Nc6 3. Bc4 Bc5 4. d3 Nf6 5. Nc3 d6 6. Bg5 Na5 7. O-O Nxc4 8. dxc4 Be6 9. Qd3 h6 10. Be3 Nd7 11. b3 O-O 12. Bxc5 Nxc5 13. Qe3 Qe7 14. Nd2 f5 15. exf5 Bxf5 16. f4 c6 17. fxe5 Qxe5 18. Qxe5 dxe5 19. Rae1 Rad8 20. Rxe5 Rxd2 21. Rexf5 Rxf5 22. Rxf5 Rxc2 23. Rxc5 Rxc3 24. Re5 1/2-1/2

[Event "Elgoibar"]
[Site "Elgoibar"]
[Date "1998.11.22"]
[Round "2"]
[White "Vallejo Pons, Francisco"]
[Black "Korneev, Oleg"]
[Result "0-1"]
[WhiteElo "2450"]
[BlackElo "2600"]
[PlyCount "90"]
[EventDate "1998.11.11"]
[Source "ChessBase"]
[SourceDate "1999.04.01"]

1. e4 e5 2. Nf3 Nc6 3. Bc4 Bc5 4. d3 Nf6 5. Nc3 h6 6. Bb3 d6 7. h3 a6 8. Be3 Be6 9. d4 Bxb3 10. axb3 Bb4 11. d5 Ne7 12. Qd3 Nd7 13. O-O-O O-O 14. g4 Ng6 15. g5 Nc5 16. Qc4 Bxc3 17. Bxc5 dxc5 18. Qxc3 hxg5 19. Qxc5 a5 20. c3 a4 21. b4 a3 22. b3 Qf6 23. Qe3 Nf4 24. Kc2 c6 25. d6 Rfd8 26. d7 a2 27. Kb2 a1=Q+ 28. Rxa1 Rxa1 29. Rxa1 Rxd7 30. Ne1 g6 31. Kc2 Kg7 32. Rd1 Rxd1 33. Kxd1 Qe6 34. c4 Nxh3 35. Nd3 Nf4 36. Nxf4 gxf4 37. Qc5 Qd7+ 38. Ke2 Qd4 39. Qxd4 exd4 40. Kd3 g5 41. Kxd4 g4 42. e5 Kg6 43. Ke4 Kg5 44. b5 cxb5 45. cxb5 b6 0-1

[Event "79th ch-GER"]
[Site "Bad Woerishofen GER"]
[Date "2008.02.23"]
[Round "9"]
[White "Markgraf, Al"]
[Black "Gustafsson, J."]
[Result "1/2-1/2"]
[WhiteElo "2442"]
[BlackElo "2607"]
[PlyCount "125"]
[EventDate "2008.02.15"]
[Source "www.chesslib.no"]
[SourceDate "2004.05.04"]

1. e4 e5 2. Nf3 Nc6 3. Bc4 Bc5 4. d3 Nf6 5. Bb3 d6 6. c3 a6 7. O-O O-O 8. h3 h6 9. Be3 Ba7 10. Nbd2 Re8 11. d4 exd4 12. Nxd4 Ne5 13. Bc2 Ng6 14. Re1 d5 15. N4f3 c5 16. exd5 Nxd5 17. Ne4 Nxe3 18. Rxe3 c4 19. Re1 Nf4 20. Qxd8 Rxd8 21. Rad1 Be6 22. Nd4 Bxd4 23. cxd4 Kf8 24. Kh2 Bf5 25. Bb1 Rac8 26. Kg3 Nd5 27. a3 Rc6 28. Ba2 Bxe4 29. Rxe4 c3 30. Bxd5 Rxd5 31. Rde1 g6 32. Re8+ Kg7 33. bxc3 Rxc3+ 34. R1e3 Rc7 35. R8e7 Rxe7 36. Rxe7 Rxd4 37. Rxb7 Rd3+ 38. Kh2 Rxa3 39. h4 Rc3 40. Rb6 a5 41. Ra6 Ra3 42. g3 h5 43. Kg2 Ra2 44. Kf3 Ra1 45. Kg2 Kf8 46. Ra7 Kg7 47. Ra6 a4 48. Kf3 Ra2 49. Kg2 a3 50. Kf3 Ra1 51. Kg2 Kf8 52. Ra7 Ke8 53. Kf3 Kd8 54. Rxf7 Kc8 55. Ra7 Kb8 56. Ra4 Kb7 57. Kf4 Kb6 58. Kg5 Kb5 59. Ra8 Kb4 60. Rb8+ Kc4 61. Ra8 Kb4 62. Rb8+ Kc4 63. Ra8 1/2-1/2

[Event "Yangon schev"]
[Site "Yangon"]
[Date "1999.02.02"]
[Round "3"]
[White "Moun Moun Latt"]
[Black "Nay Oo Kyaw Tun"]
[Result "0-1"]
[WhiteElo "2554"]
[BlackElo "2495"]
[PlyCount "56"]
[EventDate "1999.01.??"]
[Source "www.chesslib.no"]
[SourceDate "2004.05.04"]

1. e4 e5 2. Nf3 Nc6 3. Bc4 Bc5 4. O-O Nf6 5. d3 d6 6. Bg5 h6 7. Bh4 g5 8. Bg3 h5 9. h4 Bg4 10. c3 Qd7 11. d4 exd4 12. e5 dxe5 13. Bxe5 Nxe5 14. Nxe5 Qf5 15. Qa4+ Kf8 16. Nxf7 dxc3 17. Nxc3 Rh7 18. hxg5 Nd7 19. Nh6 Qxg5 20. Nf7 Rxf7 21. Ne4 Qg7 22. Bxf7 Bf3 23. g3 Bxe4 24. Qxe4 Qxg3+ 25. Qg2 Qxg2+ 26. Kxg2 Kxf7 27. Rh1 Rg8+ 28. Kf3 Nf6 0-1

[Event "XII Open HIT 2007 - A"]
[Site "Nova Gorica SLO"]
[Date "2007.01.29"]
[Round "5"]
[White "Godena, Michele"]
[Black "Borisek, Jure"]
[Result "1/2-1/2"]
[WhiteElo "2530"]
[BlackElo "2518"]
[PlyCount "96"]
[EventDate "2007.01.26"]
[Source "www.chesslib.no"]
[SourceDate "2004.05.04"]

1. e4 e5 2. Nf3 Nc6 3. Bc4 Bc5 4. d3 Nf6 5. Nc3 d6 6. Bg5 Na5 7. Bb3 c6 8. d4 Nxb3 9. axb3 exd4 10. Nxd4 h6 11. Bh4 O-O 12. O-O Re8 13. Re1 g5 14. Bg3 d5 15. e5 Ne4 16. Qd3 Nxg3 17. hxg3 Bf8 18. f4 Bg7 19. Nf5 Bxf5 20. Qxf5 Re6 21. Nd1 Qe7 22. Nf2 f6 23. Nd3 fxe5 24. fxe5 Rf8 25. Qg4 a6 26. Kh1 h5 27. Qd4 Rf5 28. Re2 Bxe5 29. Qe3 Bxb2 30. Qxe6+ Qxe6 31. Rxe6 Bxa1 32. Nc5 Be5 33. Kh2 Kf7 34. Rh6 Kg7 35. Re6 g4 36. Re7+ Kg6 37. Nd3 Bd6 38. Rxb7 h4 39. Rb6 Bxg3+ 40. Kg1 h3 41. Rxc6+ Kg5 42. gxh3 gxh3 43. Rc8 h2+ 44. Kg2 Rf1 45. Rg8+ Kh6 46. Rh8+ Kg7 47. Rxh2 Bxh2 48. Kxf1 Bd6 1/2-1/2

[Event "World Open"]
[Site "Philadelphia USA"]
[Date "2008.07.06"]
[Round "9"]
[White "Rathnakaran, K."]
[Black "Mikhalevski, V."]
[Result "0-1"]
[WhiteElo "2453"]
[BlackElo "2592"]
[PlyCount "128"]
[EventDate "2008.07.02"]
[Source "www.chesslib.no"]
[SourceDate "2004.05.04"]

1. e4 e5 2. Nf3 Nc6 3. Bc4 Bc5 4. O-O Nf6 5. d3 d6 6. h3 Bb6 7. Nc3 Be6 8. Bb3 O-O 9. Be3 Bxe3 10. fxe3 Bxb3 11. axb3 d5 12. exd5 Nxd5 13. Qe1 Ndb4 14. Rc1 f5 15. Qg3 Qf6 16. Rf2 g6 17. Ng5 Kg7 18. Rcf1 h6 19. Nge4 Qe6 20. Nc5 Qe7 21. N5a4 Kh7 22. h4 h5 23. Qg5 Qxg5 24. hxg5 b6 25. Rd1 Rad8 26. Rfd2 Rd7 27. d4 e4 28. Rf1 Re8 29. Nd1 Nd8 30. Nf2 Ne6 31. Nh3 c5 32. Rfd1 Red8 33. c3 Nd3 34. b4 cxb4 35. cxb4 Nxb4 36. Nc3 Nd3 37. Ra1 Rc8 38. Ra3 Ne5 39. d5 Nc5 40. Rd4 Ncd3 41. d6 Ng4 42. Nf4 Nxb2 43. Ne6 Nd3 44. Nc7 Nde5 45. N3b5 a5 46. Rc3 Kg8 47. Kf1 Kf7 48. Ke2 h4 49. Rd1 Kg8 50. Rdc1 Nd3 51. Rh1 Rh7 52. Rc6 f4 53. Rc4 f3+ 54. gxf3 exf3+ 55. Kd2 Ndf2 56. Rhc1 Ne5 57. Rd4 h3 58. Nc3 Rhxc7 59. Rf1 h2 60. dxc7 Rxc7 61. Nd5 Rc4 62. Nf6+ Kf7 63. Rf4 Rxf4 64. exf4 Nc4+ 0-1

[Event "GEO-ch 60th"]
[Site "?"]
[Date "2000.05.??"]
[Round "?"]
[White "Sturua Zurab"]
[Black "Lobzhanidze Davit"]
[Result "1/2-1/2"]
[WhiteElo "2595"]
[BlackElo "2448"]
[PlyCount "211"]
[EventDate "2000.??.??"]
[Source "www.chesslib.no"]
[SourceDate "2004.05.04"]

1. e4 e5 2. Nf3 Nc6 3. Bc4 Bc5 4. d3 Nf6 5. Nc3 h6 6. Nd5 d6 7. c3 Nxd5 8. Bxd5 O-O 9. O-O Bb6 10. a4 Ne7 11. Bb3 c6 12. Nh4 Kh7 13. d4 Ng6 14. Nxg6 fxg6 15. Be3 Qe7 16. Qd3 Be6 17. Bxe6 Qxe6 18. a5 exd4 19. cxd4 Bd8 20. a6 bxa6 21. Rxa6 d5 22. e5 Bb6 23. Rc1 Rac8 24. h3 Kg8 25. Ra3 Rc7 26. Rac3 g5 27. Qe2 Rfc8 28. Qd1 Ba5 29. Ra3 Bb6 30. b4 Qe7 31. Qa4 Qe6 32. Rac3 Kh8 33. Qd1 Qe7 34. Rb3 Kg8 35. Qg4 Kh8 36. Kh2 Rf8 37. Rc2 Kh7 38. Kg1 Kh8 39. Rc1 Rfc8 40. Kh1 Rb8 41. Rcc3 Rf8 42. Kh2 Kh7 43. Rb2 Kh8 44. g3 Kh7 45. Kg2 g6 46. Qd1 Rb8 47. Qc1 Rbc8 48. Qb1 Kg7 49. Rbc2 Kh7 50. g4 Kg7 51. Rb3 Kh7 52. Qc1 Qf8 53. Qd2 Qe7 54. Rc1 Rb8 55. Rbc3 Rbc8 56. R3c2 Qe6 57. Qd3 Kg7 58. Rh1 Rf8 59. Qe2 Qe7 60. Rb2 Rb8 61. Qd2 Qe6 62. Rc2 Rf8 63. Qd3 Rcf7 64. Rhc1 Rc7 65. Rc3 Rfc8 66. Qd1 Qe7 67. Qa4 Qd7 68. Qa6 Qe7 69. Rb3 Qe6 70. Rb2 Qd7 71. Rbc2 Qe7 72. Rb2 Qd7 73. Qa2 Qe6 74. Qb1 Rf8 75. Rc3 Rfc8 76. Rbc2 Qe7 77. Kg3 Kh7 78. Rc1 Qf8 79. Kg2 Qe7 80. Rh1 Kg7 81. Kg3 Rf8 82. Rb3 Qe6 83. Qd1 Rcf7 84. Rc3 Bc7 85. Kg2 Bb6 86. Qe2 Kg8 87. Rhc1 Rc7 88. b5 Rfc8 89. bxc6 Rxc6 90. Rxc6 Rxc6 91. Rh1 Rc4 92. Qd3 Kg7 93. Kg3 Qc6 94. Qd2 Qa4 95. Rd1 Qb3 96. Kg2 a5 97. Qe2 Qa4 98. Qf3 Qc6 99. h4 gxh4 100. Qf4 g5 101. Qf5 Qg6 102. Rb1 Qxf5 103. gxf5 Rb4 104. Rc1 Rc4 105. Rb1 Rb4 106. Rc1 1/2-1/2

[Event "TCN Cup 3rd "]
[Site "Beijing"]
[Date "1997.08.19"]
[Round "10"]
[White "Sermek, Drazen"]
[Black "Zhang Zhong"]
[Result "1/2-1/2"]
[WhiteElo "2565"]
[BlackElo "2475"]
[PlyCount "89"]
[EventDate "1997.08.11"]
[Source "ChessBase"]
[SourceDate "1997.11.23"]

1. e4 e5 2. Nf3 Nc6 3. Bc4 Bc5 4. d3 Nf6 5. Nc3 d6 6. Bg5 h6 7. Bxf6 Qxf6 8. Nd5 Qd8 9. c3 a6 10. d4 Ba7 11. dxe5 Nxe5 12. Nxe5 dxe5 13. Qh5 O-O 14. Qxe5 Re8 15. Qf4 Qd6 16. Qxd6 Rxe4+ 17. Kd2 cxd6 18. Bb3 Bd7 19. f3 Re5 20. f4 Re4 21. Bc2 Rc4 22. Bb3 Re4 23. Bc2 Ree8 24. Nc7 Be3+ 25. Ke2 Bb6+ 26. Nxe8 Rxe8+ 27. Kd2 Be3+ 28. Ke2 Bb6+ 29. Kd2 Be3+ 30. Ke2 Bc1+ 31. Kf2 Bxb2 32. Rad1 Bg4 33. Rhe1 Rc8 34. Rxd6 Bxc3 35. Rb1 Be5 36. fxe5 Rxc2+ 37. Kg3 Be6 38. a4 Rc4 39. a5 Rc5 40. Rxb7 Rxa5 41. Ra7 Ra3+ 42. Kf2 Ra2+ 43. Kg3 Ra3+ 44. Kf2 Ra2+ 45. Kg3 1/2-1/2

[Event "Mondariz zt 1.1"]
[Site "Mondariz"]
[Date "2000.09.07"]
[Round "5"]
[White "Godena, Michele"]
[Black "Van den Doel, Erik"]
[Result "1-0"]
[WhiteElo "2485"]
[BlackElo "2547"]
[PlyCount "156"]
[EventDate "2000.09.03"]
[Source "ChessBase"]
[SourceDate "2000.11.21"]

1. e4 e5 2. Nf3 Nc6 3. Bc4 Bc5 4. d3 Nf6 5. Nc3 O-O 6. h3 d6 7. O-O Na5 8. Bb3 h6 9. Na4 Bb6 10. Nxb6 axb6 11. Ba4 Be6 12. c3 c5 13. Re1 b5 14. Bc2 Nc6 15. a3 d5 16. exd5 Qxd5 17. Qe2 Rfe8 18. Be3 b6 19. b4 Qd6 20. Nd2 cxb4 21. axb4 Nd5 22. Ne4 Qd7 23. Bd2 Rad8 24. Qf1 f5 25. Ng3 f4 26. Ne4 f3 27. Kh2 Rf8 28. Bd1 fxg2 29. Qxg2 Nf4 30. Bxf4 Rxf4 31. Re3 Rdf8 32. Rf3 Bd5 33. Rxf4 exf4 34. Bf3 Kh8 35. Nf6 Rxf6 36. Bxd5 Nd8 37. Qe4 f3 38. Re1 Rf8 39. Qe7 Qf5 40. Re4 Kh7 41. Rg4 Qf6 42. Qxf6 Rxf6 43. Kg3 Nf7 44. Bxf3 Ne5 45. Be4+ Kg8 46. Rf4 Rd6 47. Rf5 Nxd3 48. Rxb5 Nb2 49. Rd5 Rxd5 50. Bxd5+ Kf8 51. Bb3 Nd3 52. Bc2 Nc1 53. c4 Ne2+ 54. Kg4 Ke7 55. c5 bxc5 56. bxc5 Nd4 57. Be4 Ne6 58. c6 Kf6 59. f4 Nc7 60. h4 Ne8 61. Bd5 Nc7 62. Bc4 Ne8 63. Ba6 Nc7 64. Bc8 Nd5 65. Bd7 Nc7 66. Kf3 Nd5 67. Ke4 Nc7 68. Kd4 Kf7 69. Kc5 Ke7 70. Bf5 Ne8 71. Bg4 Nc7 72. Bd7 Na8 73. h5 Nc7 74. Bg4 Ne8 75. Bd7 Nf6 76. Bh3 Ne8 77. Bg4 Nc7 78. Bf5 Na8 1-0

[Event "Dos Hermanas op"]
[Site "Dos Hermanas"]
[Date "2000.04.12"]
[Round "6"]
[White "Kogan, Artur"]
[Black "Lalic, Bogdan"]
[Result "1/2-1/2"]
[WhiteElo "2483"]
[BlackElo "2548"]
[PlyCount "40"]
[EventDate "2000.04.??"]
[Source "ChessBase"]
[SourceDate "2000.05.11"]

1. e4 e5 2. Nf3 Nc6 3. Bc4 Bc5 4. Nc3 Nf6 5. d3 h6 6. Ne2 O-O 7. Ng3 d5 8. exd5 Nxd5 9. O-O Nb6 10. Bb3 Bd6 11. Re1 Re8 12. a4 a5 13. Be3 Ra6 14. c3 Be6 15. d4 exd4 16. Nxd4 Nxd4 17. Bxd4 c5 18. Be3 Nc4 19. Bxc4 Bxc4 20. Nf5 Be6 1/2-1/2

[Event "Asean GM 3rd"]
[Site "Bangkok"]
[Date "2004.07.30"]
[Round "1"]
[White "Aung Aung"]
[Black "Zaw, Win Lay"]
[Result "1/2-1/2"]
[WhiteElo "2498"]
[BlackElo "2532"]
[PlyCount "26"]
[EventDate "2004.07.30"]
[SourceDate "2004.08.11"]

1. e4 e5 2. Nf3 Nc6 3. Bc4 Bc5 4. d3 Nf6 5. O-O a6 6. a3 Ba7 7. Nbd2 d6 8. h3 O-O 9. Re1 Re8 10. Nf1 h6 11. Be3 Be6 12. Bxe6 Rxe6 13. Bxa7 Nxa7 1/2-1/2

[Event "Asean GM 2nd"]
[Site "Bangkok"]
[Date "2004.07.26"]
[Round "8"]
[White "Zaw, Win Lay"]
[Black "Aung Aung"]
[Result "1/2-1/2"]
[WhiteElo "2532"]
[BlackElo "2498"]
[PlyCount "25"]
[EventDate "2004.07.22"]
[SourceDate "2004.08.05"]

1. e4 e5 2. Nf3 Nc6 3. Bc4 Bc5 4. O-O d6 5. h3 Nf6 6. d3 a6 7. Nbd2 O-O 8. Re1 Ne7 9. Nf1 Ng6 10. Be3 Bxe3 11. Nxe3 Be6 12. d4 Bxc4 13. Nxc4 1/2-1/2

[Event "Las Palmas"]
[Site "?"]
[Date "1973.10.23"]
[Round "3"]
[White "Westerinen Heikki MJ"]
[Black "Smejkal Jan"]
[Result "1-0"]
[WhiteElo "2435"]
[BlackElo "2595"]
[PlyCount "82"]
[EventDate "1973.??.??"]
[Source "www.chesslib.no"]
[SourceDate "2004.05.04"]

1. e4 e5 2. Nf3 Nc6 3. Bc4 Bc5 4. O-O Nf6 5. d3 d6 6. Be3 Bg4 7. Nbd2 Bb6 8. h3 Be6 9. c3 O-O 10. Bg5 h6 11. Bh4 Kh7 12. Qc2 Ne7 13. Bxf6 gxf6 14. Nh4 Qd7 15. Kh2 Ng6 16. Bxe6 fxe6 17. Nxg6 Kxg6 18. f4 Kh7 19. f5 Rf7 20. Qb3 exf5 21. Rxf5 Rg8 22. Nc4 Qe6 23. Raf1 Rg6 24. Qd1 c6 25. Qf3 d5 26. Nd2 Kg7 27. b3 d4 28. cxd4 Bxd4 29. Qe2 Rg5 30. h4 Rxf5 31. exf5 Qd5 32. Ne4 Kf8 33. Qd2 Ke7 34. Qxh6 Bb6 35. Qd2 a5 36. Qc2 Be3 37. Qc4 Rf8 38. Rf3 Bh6 39. Kh3 Rd8 40. Nc3 Qf7 41. Qc5+ Ke8 1-0